BENDAHARA SERI MAHARAJA PAHANG TUN MUTAHIR TUN ALI (1841-1863) : (Record no. 203920)

MARC details
000 -LEADER
fixed length control field 01222nam a2200277 i 4500
005 - DATE AND TIME OF LATEST TRANSACTION
control field 20260419170427.0
008 - FIXED-LENGTH DATA ELEMENTS--GENERAL INFORMATION
fixed length control field 260419s2025 my abjogr 000 0bmay d
020 ## - INTERNATIONAL STANDARD BOOK NUMBER
International Standard Book Number 9789674091965
Terms of availability RM59.00
Qualifying information paperback
040 ## - CATALOGING SOURCE
Original cataloging agency PPAK
Language of cataloging eng
Transcribing agency PPAK
Description conventions rda
082 04 - DEWEY DECIMAL CLASSIFICATION NUMBER
Classification number 923.2595123
Edition number 23
090 00 - LOCALLY ASSIGNED LC-TYPE CALL NUMBER (OCLC); LOCAL CALL NUMBER (RLIN)
Classification number (OCLC) (R) ; Classification number, CALL (RLIN) (NR) 923.2595123
Feature heading BEN
Feature heading G
245 00 - TITLE STATEMENT
Title BENDAHARA SERI MAHARAJA PAHANG TUN MUTAHIR TUN ALI (1841-1863) :
Remainder of title - Sirih Pulang ke Gagang - /
Statement of responsibility, etc. Susunan: TunSuzana@ Suzana Hj Othman, Hj Muzaffar Dato' Hj Mohamad
264 #1 - PRODUCTION, PUBLICATION, DISTRIBUTION, MANUFACTURE, AND COPYRIGHT NOTICE
Place of production, publication, distribution, manufacture Batu Caves, Selangor :
Name of producer, publisher, distributor, manufacturer CRESCENT NEWS (KL) SDN BHD,
Date of production, publication, distribution, manufacture, or copyright notice [2025?]
300 ## - PHYSICAL DESCRIPTION
Extent 243 pages :
Other physical details colour illustrations, colour maps, colour genealogical tables, colour photographs ;
Dimensions 28 cm
336 ## - CONTENT TYPE
Content type term text
Source rdacontent
337 ## - MEDIA TYPE
Media type term unmediated
Source rdamedia
338 ## - CARRIER TYPE
Carrier type term volume
Source rdacarrier
504 ## - BIBLIOGRAPHY, ETC. NOTE
Bibliography, etc. note Bibliography: pages 237-239.
600 00 - SUBJECT ADDED ENTRY--PERSONAL NAME
Personal name Mutahir Tun Ali,
Titles and other words associated with a name Bendahara Seri Maharaja Pahang, Tun,
Dates associated with a name 1813- 1863
650 10 - SUBJECT ADDED ENTRY--TOPICAL TERM
Topical term or geographic name entry element Statesmen
Geographic subdivision Malaysia
Form subdivision Biography
Topical term or geographic name entry element Politicians
Geographic subdivision Malaysia
Form subdivision Biography
651 #0 - SUBJECT ADDED ENTRY--GEOGRAPHIC NAME
Geographic name Pahang (Malaysia)
General subdivision History
700 0# - ADDED ENTRY--PERSONAL NAME
Personal name TunSuzana@ Suzana Hj Othman,
Dates associated with a name 1965-
Relator term compiler.
Personal name Muzaffar Dato' Hj Mohamad,
Titles and other words associated with a name Hj,
Dates associated with a name 1964-
Relator term compiler.
942 ## - ADDED ENTRY ELEMENTS (KOHA)
Source of classification or shelving scheme Dewey Decimal Classification
Koha item type Book
Holdings
Withdrawn Not for loan Current library Shelving location Date acquired Total Checkouts Full call number Barcode Date last seen Koha item type
    Perpustakaan Alor Setar Pinjaman Dewasa 20/04/2026   923.2595123 BEN A01904891 20/04/2026 Book
    Perpustakaan Awam Sungai Petani Pinjaman Dewasa 20/04/2026   923.2595123 BEN A01904892 20/04/2026 Book
    Perpustakaan Baling Pinjaman Dewasa 20/04/2026   923.2595123 BEN A01904896 20/04/2026 Book
    Perpustakaan Bandar Baharu Pinjaman Dewasa 20/04/2026   923.2595123 BEN A01904897 20/04/2026 Book
    Perpustakaan Jitra Pinjaman Dewasa 20/04/2026   923.2595123 BEN A01904893 20/04/2026 Book
    Perpustakaan Kuala Nerang Pinjaman Dewasa 20/04/2026   923.2595123 BEN A01904901 20/04/2026 Book
    Perpustakaan Kulim Pinjaman Dewasa 20/04/2026   923.2595123 BEN A01904895 20/04/2026 Book
    Perpustakaan Langkawi Pinjaman Dewasa 20/04/2026   923.2595123 BEN A01904894 20/04/2026 Book
    Perpustakaan Merbok Pinjaman Dewasa 20/04/2026   923.2595123 BEN A01904898 20/04/2026 Book
    Perpustakaan Pendang Pinjaman Dewasa 20/04/2026   923.2595123 BEN A01904902 20/04/2026 Book
    Perpustakaan Sik Pinjaman Dewasa 20/04/2026   923.2595123 BEN A01904900 20/04/2026 Book
    Perpustakaan Yan Pinjaman Dewasa 20/04/2026   923.2595123 BEN A01904899 20/04/2026 Book